00000000nam 2200000zi 4500
0019.958034
003CaOODSP
00520251208094608
006m     o  d f      
007cr bn|||||||||
008251205n1963    oncb    o    f000 0 eng d
040 |aCaOODSP|beng|erda|cCaOODSP
0861 |aEn58-27/4-62E-PDF
24500|aClimatic data for the day of the eclipse July 20, 1963.
264 1|a[Toronto, Ontario] : |b[Meteorological Branch, Department of Transport], |c[1963?]
300 |a1 online resource (5 pages) : |bmap.
336 |atext|btxt|2rdacontent
337 |acomputer|bc|2rdamedia
338 |aonline resource|bcr|2rdacarrier
4901 |aCDS ; |v#4-62
500 |aDigitized edition from print [produced by Environment and Climate Change Canada].
650 0|aSolar eclipses.
650 0|aClimatology.
650 6|aÉclipses de Soleil.
650 6|aClimatologie.
7101 |aCanada. |bMeteorological Branch, |eissuing body.
830#0|aCDS ;|vno. 4-62.|w(CaOODSP)9.932874
85640|qPDF|s695 KB|uhttps://publications.gc.ca/collections/collection_2025/eccc/en58/En58-27-4-62-eng.pdf